|
|
|
|
| LEADER |
00000nam a22000007a 4500 |
| 005 |
20210429203334.0 |
| 007 |
cr|||| ||| |
| 008 |
210429s2009 co |||||s|||| 00||0 spa d |
| 020 |
|
|
|a 978-958-665-144-8
|
| 035 |
|
|
|a 33175
|
| 040 |
|
|
|a vLex
|
| 090 |
|
|
|c 11551
|d 11551
|
| 100 |
1 |
|
|a Giraldo Ramr̕ez, Jorge
|
| 245 |
1 |
0 |
|a Guerra civil posmoderna
|h [Recurso electrn̤ico] /
|c Jorge Giraldo Ramr̕ez
|
| 256 |
|
|
|a Servicio en ln̕ea
|
| 260 |
|
|
|a Bogot:̀
|b Siglo del Hombre Editores,
|c 2009
|
| 300 |
|
|
|a 1 recurso electrn̤ico
|
| 500 |
|
|
|a -Ser schmittianos para ser kantianos; ser schmittianos aplicando categora̕s de derecho pb︢lico originariamente pensadas para las relaciones internacionales, para as ̕avanzar en la configuracin̤ de un genuino Estado de derecho en polt̕ica interior. Éste es el reto ter̤ico de este libro que no puede ser led̕o al margen de situaciones concretas. Su relevancia reside en que esas situaciones no son circunstanciales, sino estructurales. Eso hace de este trabajo un genuino esfuerzo de pensar la polt̕ica, de usar la filosofa̕ polt̕ica al servicio de los problemas angustiosos del presente.- Jos ̌Luis Villacaąs. Coedicin̤ con EAFIT y la Universidad de Antioquia.
|
| 506 |
1 |
|
|a Disponible solo en los productos indicados
|d vLex Global
|d vLex Global (Academic Edition, excluding Law Schools)
|d vLex Global (U.S. Academic Edition, Law Schools)
|d vLex Global (U.S. Academic Edition, excluding Law Schools)
|d vLex Global (Academic Edition, Law Schools)
|
| 650 |
0 |
4 |
|a Ciencias sociales
|z Colombia
|
| 650 |
0 |
4 |
|a Humanidades
|z Colombia
|
| 740 |
0 |
|
|a vLex Libros (Servicio en ln̕ea)
|
| 856 |
4 |
0 |
|u https://vlex.com/source/guerra-civil-posmoderna-33175
|z Acceso restringido
|
| 942 |
|
|
|c BOOK
|
| 999 |
0 |
|
|a Social Sciences
|
| 999 |
0 |
|
|a Humanities
|